Missing Word: Bob Dylan Albums Quiz Stats

 Plays Quiz Updated Nov 20, 2015

Challenge
Share
Tweet
Embed
Score 0/22 Timer 03:00
0 Plays Today
Album Missing Word % Correct
The ____ They Are a-Changin'Times
98.3%
Bringing it all ____ HomeBack
83.2%
____ 61 RevisitedHighway
76.2%
Blood on the ____Tracks
63.7%
Slow ____ ComingTrain
62.6%
____ PortraitSelf
58.2%
John ____ HardingWesley
55.5%
____ Side of Bob DylanAnother
53.3%
____ as I Been to YouGood
51.5%
Time out of ____Mind
50.3%
____ SkylineNashville
50.1%
Album Missing Word % Correct
____ LegalStreet
43.3%
The ____ Bob DylanFreewheelin'
40.5%
____ TimesModern
35.8%
Planet ____Waves
35.2%
Love and ____Theft
32.9%
Oh ____Mercy
29.1%
____ of LoveShot
28.1%
Empire ____Burlesque
27.9%
Knocked out ____Loaded
27.2%
____ Gone WrongWorld
23.8%
Down in the ____Groove
20.6%

Today's Daily Dose

You're not logged in!

Compare scores with friends on all Sporcle quizzes.
OR
Log In

You Might Also Like...

Show Comments

Extras

Top Quizzes Today


Score Distribution

Your Account Isn't Verified!

In order to create a playlist on Sporcle, you need to verify the email address you used during registration. Go to your Sporcle Settings to finish the process.

Report this User

Report this user for behavior that violates our Community Guidelines.

Details: